[Event "Asian Junior Chess Championship 2018"]
[Site "Central Palace of Culture of Mongolian Trade Union, Ulaanbaatar, Mongolia"]
[Date "2018.08.22"]
[Round "5"]
[Board "7"]
[White "Khaliunaa, Gankhulug"]
[Black "Amina, Battsooj"]
[Result "0-1"]
[WhiteElo "1587"]
[BlackElo "2212"]
[PlyCount "0"]
[EventDate "2018.08.19"]
[EventRounds "9"]
[EventCountry "MGL"]

1. d4 Nf6 2. c4 e6 3. Nc3 Bb4 4. e3 c5 5. Bd3 Nc6 6. Nf3 Qe7 7. O-O d6 8. Bd2
O-O 9. Qc2 h6 10. Rad1 d5 11. a3 dxc4 12. Bxc4 Ba5 13. dxc5 Qxc5 14. Na4 Qh5 15.
b4 Bc7 16. Be2 Bxh2+ 17. Nxh2 Qxe2 18. Nf3 Ne7 19. Nc5 b6 20. Rfe1 Qb5 21. Nd4
Qe8 22. Nd3 Bb7 23. f3 Rc8 24. Qb2 Ng6 25. e4 e5 26. Nf5 Qe6 27. Bc3 Rfe8 28.
Nxe5 Rxc3 29. Nxg6 fxg6 30. Nxh6+ gxh6 31. Qxc3 g5 32. Qc7 Qe7 33. Qc4+ Qf7 34.
Qd4 Nh5 35. Qd7 Nf4 36. Kh2 Bc8 37. Qxf7+ Kxf7 38. g3 Ng6 39. Kg2 Bb7 40. Kf2 h5
41. Rh1 h4 42. gxh4 gxh4 43. Ke3 Bc8 44. Rc1 h3 45. f4 Bf5 46. Rc7+ Kf8 47. e5
Re7 48. Rc6 Kg7 49. Rf6 Rf7 50. Rxf5 Rxf5 51. Rxh3 Rxf4 52. Rg3 Rc4 53. Kd3 Rh4
54. Kc3 Re4 55. a4 Rxe5 56. Kc4 Kf6 57. Rf3+ Ke6 58. Rh3 a6 59. Rh6 Rg5 60. Rh7
Ne5+ 61. Kc3 Rg3+ 62. Kd4 Rg4+ 63. Kc3 Rc4+ 64. Kb3 Kd5 65. Ra7 Rxb4+ 66. Ka3 a5
67. Rh7 Nc4+ 68. Ka2 Rxa4+ 69. Kb3 Rb4+ 70. Kc3 Ne5 71. Rh8 Kc5 72. Rh5 Re4 73.
Kb3 b5 74. Rh3 Nc4 75. Kc2 a4 76. Rh5+ Kb4 77. Rh2 a3 78. Kb1 Kb3 79. Rh3+ Re3
80. Rh1 a2+ 81. Ka1 Na3 82. Rc1 Nc2+  0-1

[Event "Asian Junior Chess Championship 2018"]
[Site "Central Palace of Culture of Mongolian Trade Union, Ulaanbaatar, Mongolia"]
[Date "2018.08.22"]
[Round "5"]
[Board "8"]
[White "Amartuvshin, Naransolongo"]
[Black "Bidhar, Rutumbara"]
[Result "1-0"]
[WhiteElo "1262"]
[BlackElo "2036"]
[PlyCount "0"]
[EventDate "2018.08.19"]
[EventRounds "9"]
[EventCountry "MGL"]

1. e4 b6 2. d4 Bb7 3. Nc3 e6 4. Nf3 d6 5. Bd3 Ne7 6. h3 g6 7. O-O Bg7 8. Ne2 O-O
9. Ng3 c5 10. dxc5 bxc5 11. c3 Na6 12. Nh2 Nc7 13. f4 f5 14. exf5 Nxf5 15. Nxf5
gxf5 16. Nf3 Kh8 17. Kh2 Nd5 18. Ng5 Qd7 19. Bc4 Rae8 20. Bd2 Bc6 21. a4 Re7 22.
Qb3 Nc7 23. Be3 d5 24. Rfd1 Qe8 25. Bb5 Nxb5 26. axb5 Qb8 27. Bxc5 Rfe8 28. Bxe7
Rxe7 29. Qb4 Rb7 30. Qc5 Bd7 31. Qe3 Rxb5 32. Rxa7 Bc8 33. Re7  1-0

[Event "Asian Junior Chess Championship 2018"]
[Site "Central Palace of Culture of Mongolian Trade Union, Ulaanbaatar, Mongolia"]
[Date "2018.08.22"]
[Round "5"]
[Board "9"]
[White "Lu, Miaoyi"]
[Black "Enkhbolor, Nyamdavaa"]
[Result "1-0"]
[WhiteElo "1691"]
[BlackElo "1563"]
[PlyCount "0"]
[EventDate "2018.08.19"]
[EventRounds "9"]
[EventCountry "MGL"]

1. d4 Nf6 2. c4 g6 3. g3 Bg7 4. Bg2 d6 5. Nc3 O-O 6. Nf3 Nc6 7. O-O a6 8. Qd3
Rb8 9. d5 Na7 10. a4 Bd7 11. e4 c5 12. a5 b6 13. axb6 Qxb6 14. h3 h6 15. Be3 Qb7
16. Ra2 Ne8 17. Rfa1 Nc7 18. Qd2 Kh7 19. Kh2 Qc8 20. e5 Rb6 21. Ne4 Ne8 22. b4
f5 23. bxc5 fxe4 24. Ng5+ hxg5 25. cxb6 Bxe5 26. Rb1 Nb5 27. cxb5 Bxb5 28. Rc2
Qb8 29. Bxe4 Nf6 30. Bg2 g4 31. h4 Ne8 32. Rbc1 Bd7 33. Qa5 Qa8 34. Bf1 Rf3 35.
Bxa6 Bxg3+ 36. fxg3 Rxe3 37. Rc8 Bxc8 38. Rxc8 Re2+ 39. Kg1 Re1+ 40. Qxe1 Qxa6
41. Rxe8 Qxb6+ 42. Kh1 e5 43. Re7+ Kg8 44. Qf1  1-0

[Event "Asian Junior Chess Championship 2018"]
[Site "Central Palace of Culture of Mongolian Trade Union, Ulaanbaatar, Mongolia"]
[Date "2018.08.22"]
[Round "5"]
[Board "10"]
[White "Enkhsaran, Batsaikhan"]
[Black "Margadgua, Erdenebayar"]
[Result "1-0"]
[WhiteElo "1498"]
[BlackElo "1619"]
[PlyCount "0"]
[EventDate "2018.08.19"]
[EventRounds "9"]
[EventCountry "MGL"]

1. d4 d5 2. Nf3 Nf6 3. g3 Bg4 4. Bg2 e6 5. c4 c6 6. Qb3 Qb6 7. c5 Qa6 8. Nc3
Nbd7 9. Bf4 b6 10. cxb6 axb6 11. Ne5 Nxe5 12. Bxe5 Be7 13. O-O O-O 14. e4 Rfc8
15. exd5 exd5 16. Rfe1 Be6 17. Ne2 Nd7 18. Nf4 Nxe5 19. dxe5 Bf5 20. e6 fxe6 21.
Nxe6 Bxe6 22. Rxe6 Bc5 23. Rxc6 Rxc6 24. Bxd5+ Kh8 25. Bxc6 Rf8 26. Bf3 Qc8 27.
Kg2 Qf5 28. Rd1 Qe5 29. Rd2 Qe1 30. Qd5 Qe8 31. a3 Qb8 32. Qd7 Qc8 33. b4 Bxb4
34. Qxc8 Rxc8 35. axb4 Kg8 36. b5 Kf8 37. Rd6 Rb8 38. Rd7 Rc8 39. Rb7 Rc3 40.
Rxb6 Rb3 41. Rb8+ Ke7 42. b6 Kd7 43. b7 Kc7 44. Rc8+ Kd7 45. b8=Q Rxb8 46. Rxb8
Ke7 47. Rb6 h6 48. Bg4 Kf7 49. Kf3 g6 50. Ke4 Kg7 51. Ke5 h5 52. Bxh5 gxh5 53.
Kf5 h4 54. Rb7+ Kh6 55. gxh4 Kh5 56. Rh7#  1-0

[Event "Asian Junior Chess Championship 2018"]
[Site "Central Palace of Culture of Mongolian Trade Union, Ulaanbaatar, Mongolia"]
[Date "2018.08.22"]
[Round "5"]
[Board "12"]
[White "Mandukhai, Myagmarsuren"]
[Black "Udval, Enkhsaikhan"]
[Result "0-1"]
[WhiteElo "1717"]
[BlackElo "1599"]
[PlyCount "0"]
[EventDate "2018.08.19"]
[EventRounds "9"]
[EventCountry "MGL"]

1. d4 d5 2. c4 c6 3. Nc3 Nf6 4. e3 e6 5. Nf3 Nbd7 6. Qc2 Bd6 7. b3 O-O 8. Be2
Qe7 9. O-O b6 10. Bb2 Bb7 11. Rad1 Rad8 12. Rfe1 Rfe8 13. g3 Bb4 14. Bd3 h6 15.
a3 Bd6 16. e4 dxe4 17. Nxe4 Nxe4 18. Bxe4 Nf6 19. Bd3 Bxa3 20. Bxa3 Qxa3 21. c5
Ba6 22. Ne5 Bxd3 23. Qxd3 bxc5 24. Ra1 Qb2 25. Nxc6 Ng4 26. Qf3 Rd6 27. Rxa7
Qxf2+ 28. Qxf2 Nxf2 29. Ne5 Nh3+ 30. Kg2 Ng5 31. h4 Nh7 32. dxc5 Rd5 33. b4 f5
34. Nd7 e5 35. c6 e4 36. Nc5 Rd2+ 37. Kf1 Nf6 38. Re2 Rd1+ 39. Kg2 Rb1 40. Rb7
Nd5 41. Na6 f4 42. gxf4 Nxf4+ 43. Kf2 Nxe2 44. c7 e3+ 45. Kxe2 Rb2+ 46. Kf3 e2
47. c8=Q Rxc8 48. Re7 Rf8+ 49. Kg3 Rf1  0-1

[Event "Asian Junior Chess Championship 2018"]
[Site "Central Palace of Culture of Mongolian Trade Union, Ulaanbaatar, Mongolia"]
[Date "2018.08.22"]
[Round "5"]
[Board "13"]
[White "Khanyl, Chuluuntuya"]
[Black "Bayasgalan, Khishigbaatar"]
[Result "0-1"]
[WhiteElo "1402"]
[BlackElo "1524"]
[PlyCount "0"]
[EventDate "2018.08.19"]
[EventRounds "9"]
[EventCountry "MGL"]

1. d4 d5 2. Nf3 e6 3. e3 Nf6 4. Bd3 Be7 5. O-O O-O 6. h3 c5 7. c3 Nc6 8. Nbd2 b6
9. Ne5 Bb7 10. f4 Rc8 11. Ndf3 Ne4 12. Nxc6 Bxc6 13. Ne5 Bb7 14. Bd2 cxd4 15.
cxd4 Bh4 16. Bb4 Be7 17. Bxe7 Qxe7 18. Qh5 f5 19. Qd1 Qb4 20. Bxe4 dxe4 21. Rb1
Bd5 22. a3 Qb5 23. Qd2 Bc4 24. Rfd1 Rc7 25. Rbc1 Rfc8 26. Nxc4 Rxc4 27. Kh2 Qb3
28. Rxc4 Qxc4 29. Rb1 Qc2 30. Qe1 Kf7 31. Kg1 a5 32. b4 a4 33. Ra1 Rc3 34. Qh4
Rxe3 35. Qh5+ Kf8 36. Qxh7 Rg3 37. Qh8+ Kf7 38. Qh5+ Rg6 39. g4 e3 40. Kh1 e2
41. gxf5 exf5 42. Qf3 Re6 43. Qb7+ Kf6 44. Re1 Qc3 45. Rxe2 Rxe2 46. Qxb6+ Re6
47. Qd8+ Kf7 48. Qd7+ Re7 49. Qd5+ Ke8 50. Qa8+ Kd7 51. Qxa4+ Qc6+ 52. Qxc6+
Kxc6 53. a4 Re4 54. b5+ Kb6 55. d5 Rxa4 56. d6 Kxb5 57. d7 Rd4 58. d8=Q Rxd8 59.
Kg2 Rd3 60. h4 g6 61. Kf2 Kc4 62. Kg2 Kd4 63. Kf2 Ke4 64. Kg2 Kxf4 65. Kf2 Rd2+
66. Kf1 Ke3 67. Ke1 f4 68. Kf1 Re2 69. Kg1 Kf3 70. Kf1 Ke3 71. Kg1 Re1+ 72. Kh2
Kf3 73. h5 gxh5 74. Kh3 Rh1#  0-1

[Event "Asian Junior Chess Championship 2018"]
[Site "Central Palace of Culture of Mongolian Trade Union, Ulaanbaatar, Mongolia"]
[Date "2018.08.22"]
[Round "5"]
[Board "16"]
[White "Unurzul, Davaakhuu"]
[Black "Khongorzul, Davaakhuu"]
[Result "0-1"]
[WhiteElo "1352"]
[BlackElo "1633"]
[PlyCount "0"]
[EventDate "2018.08.19"]
[EventRounds "9"]
[EventCountry "MGL"]

1. e4 c5 2. Nf3 a6 3. d4 cxd4 4. Nxd4 Nf6 5. Nc3 e5 6. Nb3 Bb4 7. Bd3 d5 8. exd5
Nxd5 9. Bd2 Bxc3 10. bxc3 Be6 11. O-O Nd7 12. h3 f5 13. Qh5+ g6 14. Qh6 Qe7 15.
c4 N5b6 16. Bg5 Qf7 17. c5 Na4 18. Qh4 f4 19. c4 h6 20. Bxh6 Qh7 21. Rfe1 Qxh6
22. Bxg6+ Kf8 23. Qxh6+ Rxh6 24. Bc2 f3 25. Re3 fxg2 26. Rf3+ Ke7 27. Rg3 Bxh3
28. Re1 Rah8 29. f4 Be6 30. f5 Rh1+ 31. Kf2 Rxe1 32. Kxe1 Rh1+ 33. Kf2 g1=Q+ 34.
Rxg1 Rxg1 35. Kxg1 Bxc4 36. Na5 Bb5 37. Nxb7 Naxc5 38. Nxc5 Nxc5 39. Kf2 Bd3 40.
Bxd3 Nxd3+ 41. Kf3 Kf6 42. Ke4 Nb4 43. a3 Nc2 44. a4 a5 45. Kd3 Kxf5 46. Kxc2
Ke4 47. Kd1 Kd3 48. Ke1 e4 49. Kd1 e3 50. Kc1 e2 51. Kb2 e1=Q 52. Kb3 Qb4+ 53.
Ka2 Kc2 54. Ka1 Qa3#  0-1

[Event "Asian Junior Chess Championship 2018"]
[Site "Central Palace of Culture of Mongolian Trade Union, Ulaanbaatar, Mongolia"]
[Date "2018.08.23"]
[Round "6"]
[Board "1"]
[White "Altantuya, Boldbaatar"]
[Black "Chitlange, Sakshi"]
[Result "0-1"]
[WhiteElo "2174"]
[BlackElo "2144"]
[PlyCount "0"]
[EventDate "2018.08.19"]
[EventRounds "9"]
[EventCountry "MGL"]

1. d4 Nf6 2. c4 e6 3. Nf3 Bb4+
4. Bd2 Qe7 5. Qa4 Bxd2+ 6. Nbxd2 O-O 7. e4 d6 8. Bd3 e5 9. d5 Bg4 10.
O-O Nbd7 11. Qc2 a5 12. Rfe1 Nc5 13. Bf1 Nh5 14. h3
Bd7 15. g3 g6 16. Bg2 f5 17. Qc3 f4 18. g4 Nf6 19.
g5 Nh5
20. Nb3 Na4 21. Qc2 h6 22. c5 Nxc5 23. Nxc5 dxc5 24. Qb3
Qd6 25. h4 b6 26. gxh6 Kh7 27. Ng5+ Kxh6 28. Bf3 Nf6 29.
Kg2 Kg7
30. Rh1 Rh8 31. Rh2 Nh7 32. Ne6+ Kf6 33. Bg4 Nf8 34. Rd1
Re8 35. Qc3 Bc8 36. Rd2 Qe7 37. f3 Nxe6 38. dxe6 Bxe6 39.
Rf2 Rd8
40. Rh1 Rd4 41. Bxe6 Qxe6 42. b3 Qd6 43. Re2 Qd8 44. Qe1
Kf7 45. Rh3 Rd1 46. Qc3 Qd4 47. Qxd4 cxd4 48. Rh1  0-1

[Event "Asian Junior Chess Championship 2018"]
[Site "Central Palace of Culture of Mongolian Trade Union, Ulaanbaatar, Mongolia"]
[Date "2018.08.23"]
[Round "6"]
[Board "2"]
[White "Meghna, C H"]
[Black "Aakanksha, Hagawane"]
[Result "0-1"]
[WhiteElo "1892"]
[BlackElo "2292"]
[PlyCount "0"]
[EventDate "2018.08.19"]
[EventRounds "9"]
[EventCountry "MGL"]

1. e4 e5 2. Nf3 Nc6 3. Bb5 a6 4. Ba4 Nf6 5. Qe2 b5 6. Bb3 Bc5 7. a4 Rb8 8. axb5
axb5 9. d3 h6 10. O-O O-O 11. Be3 Bb6 12. Re1 Re8 13. Nbd2 d5 14. Bxb6 Rxb6 15.
exd5 Nxd5 16. Ra8 Nb8 17. d4 Bb7 18. Raa1 Nf4 19. Qe3 Rg6 20. g3 Nh3+ 21. Kf1 e4
22. Ne5 Rf6 23. Re2 c5 24. c3 c4 25. Bc2 Rfe6 26. Bxe4 Bxe4 27. Qxe4 f6 28. Qg4
Qd5 29. f3 fxe5 30. Qxh3 exd4 31. Rxe6 Rxe6 32. cxd4 Nc6 33. Ra8+ Kh7 34. Ne4
Nxd4 35. Ra7 Nxf3 36. Rxg7+ Kxg7 37. Qg4+ Ng5 38. Nxg5 hxg5  0-1

[Event "Asian Junior Chess Championship 2018"]
[Site "Central Palace of Culture of Mongolian Trade Union, Ulaanbaatar, Mongolia"]
[Date "2018.08.23"]
[Round "6"]
[Board "3"]
[White "Uuriintuya, Uurtsaikh"]
[Black "Ulziikhishigjargal, Ochirkhuyag"]
[Result "1-0"]
[WhiteElo "2313"]
[BlackElo "1858"]
[PlyCount "0"]
[EventDate "2018.08.19"]
[EventRounds "9"]
[EventCountry "MGL"]

1. e4 e5 2. Nf3 Nc6 3. Bb5 Nf6
4. d3 Bc5 5. O-O d6 6. c3 O-O 7. Re1 Bb6 8. Nbd2 Ne7 9.
Nc4 c6
10. Nxb6 axb6 11. Bc4 Ng6 12. h3 h6 13. Bb3 Nh7 14. Be3
Ng5 15. Nxg5 hxg5 16. d4 Nf4 17. dxe5 dxe5 18. Qxd8 Rxd8 19.
Rad1 Be6 20. Bxb6 Rxd1 21. Rxd1 Bxb3 22. axb3 Ra2 23. Rd2
Ra1+ 24. Kh2 Re1 25. Rd8+ Kh7 26. Be3 f6 27. Rd7 b5 28.
Rd6 Rb1
29. Rd2 Re1 30. g3 Ne2 31. b4 Nc1 32. Rd6 Na2 33. Kg2
Rb1 34. Rd2 Kg6 35. Kf3 Kf7 36. Kg4 g6 37. Rc2 Ke6 38.
f4 exf4
39. gxf4 Re1 40. f5+ gxf5+ 41. exf5+ Kd5 42. Bf2 Re4+ 43. Kh5
Rf4 44. Kg6 Ke4 45. Rd2 Nc1 46. Bg1 Rf1 47. Bb6 Nd3 48.
Re2+ Kf4 49. Kxf6 g4 50. hxg4 Kxg4 51. Rg2+ Kf3 52. Rd2
Nf4 53. Ke5 Nd5 54. Bd4 Kg4 55. Rg2+ Kf3 56. Rg1 Ke4+ 57. Kxe4  1-0

[Event "Asian Junior Chess Championship 2018"]
[Site "Central Palace of Culture of Mongolian Trade Union, Ulaanbaatar, Mongolia"]
[Date "2018.08.23"]
[Round "6"]
[Board "4"]
[White "Priyamvada, Karamcheti"]
[Black "Nomindalai, Tumurbaatar"]
[Result "1/2-1/2"]
[WhiteElo "1850"]
[BlackElo "1877"]
[PlyCount "0"]
[EventDate "2018.08.19"]
[EventRounds "9"]
[EventCountry "MGL"]

1. d4 d5 2. c4 Nc6 3. Nc3 Nf6
4. Nf3 e6 5. Bg5 Be7 6. e3 O-O 7.
Bd3 b6
8. O-O Nb4 9. Be2 dxc4 10. Bxc4 Bb7 11. Qe2 Nbd5 12. Bd3
c5 13. Rfd1 cxd4 14. Nxd5 Qxd5 15. e4 Qa5 16. Bd2 Qh5 17.
Rac1 Rac8 18. Bf4 Bc5 19. h3 Rfe8 20. Be5 Qg6 21. Bxd4 Bxd4 22. Nxd4 Bxe4 23. Bxe4 Qxe4 24. Qxe4 Nxe4 25.
Nb5 a5
26. f3 Rxc1 27. Rxc1 Nc5 28. a3 Kf8 29. b4 axb4 30. axb4 Nd3 31. Rc6 Rb8 32. Rc4 e5 33. g3 Ra8 34.
Rc6 Rb8
35. Rc4 Ra8 36. Rc6 Ra1+ 37. Kg2 Ra2+ 38. Kg1 Nxb4 39. Rxb6 Nd3 40. Nd6 Rb2 41. Ra6 Ne1 42. Ra3 Ke7 43.
Nc4 Rb1
44. Kf2 Nc2 45. Rc3 Nb4 46. Nxe5 Rb2+ 47. Kg1 Nd5 48. Ra3
Rc2 49. Ra7+ Rc7 50. Rxc7+ Nxc7 51. Kf2 Ke6 52. Nd3 Kd5 53.
Ke3 Ne6
54. Ke4+ Ke5+  1/2-1/2

[Event "Asian Junior Chess Championship 2018"]
[Site "Central Palace of Culture of Mongolian Trade Union, Ulaanbaatar, Mongolia"]
[Date "2018.08.23"]
[Round "6"]
[Board "5"]
[White "Isha, Sharma"]
[Black "Amina, Battsooj"]
[Result "1-0"]
[WhiteElo "2145"]
[BlackElo "2212"]
[PlyCount "0"]
[EventDate "2018.08.19"]
[EventRounds "9"]
[EventCountry "MGL"]

1. e4 e5 2. Nf3 Nc6 3. Bb5 Nge7 4. O-O g6 5. d3 Bg7 6. c3 a6 7. Ba4 O-O 8. Re1
h6 9. Nbd2 d6 10. Nf1 Kh7 11. d4 exd4 12. Nxd4 Nxd4 13.
cxd4 b5
14. Bb3 Bb7 15. Ng3 c5 16. Be3 c4 17. Bc2 Nc6 18. Rc1
Qf6 19. Nh5 Qh4 20. Nxg7 Kxg7 21. Bb1 Ne7 22. d5 Kh7 23.
Qd4 Bc8
24. Bd2 Rb8 25. g3 Qh5 26. Qf6 Qe5 27. Qh4 g5 28. Qh5
Ng6 29. Bc3 Qe7 30. e5 Rb7 31. e6 Rg8 32. Re3 fxe6 33.
dxe6 d5
34. Rce1 Rb6 35. Bd4 Rc6 36. Qf3 Rf8 37. Qxd5 Bb7 38. Qd7
Re8 39. Bf6 Qxd7 40. exd7 Rxe3 41. Rxe3  1-0

[Event "Asian Junior Chess Championship 2018"]
[Site "Central Palace of Culture of Mongolian Trade Union, Ulaanbaatar, Mongolia"]
[Date "2018.08.23"]
[Round "6"]
[Board "6"]
[White "Omurbekova, Diana"]
[Black "Udval, Batkhishig"]
[Result "1-0"]
[WhiteElo "1868"]
[BlackElo "1608"]
[PlyCount "0"]
[EventDate "2018.08.19"]
[EventRounds "9"]
[EventCountry "MGL"]

1. e4 d6 2. d4 Nf6 3. Nc3 e5 4. dxe5 dxe5 5. Qxd8+ Kxd8 6. Bg5 Be6 7. O-O-O+ Nd7
8. Nf3 Kc8 9. a3 c6 10. Bh4 Ne8 11. Nxe5 f6 12. Nxd7 Bxd7 13. Bg3 Nc7 14. Be2
Bc5 15. Na4 Bf8 16. Rd2 b5 17. Rhd1 Be6 18. Rd8+ Kb7 19. Bxc7 Rxd8 20. Bxd8 bxa4
21. f4 Bc5 22. Kb1 Bb6 23. Be7 Re8 24. Bb4 Kc7 25. Bd6+ Kb7 26. e5 Bd5 27. c4
Bxg2 28. c5 Be4+ 29. Kc1 Bc7 30. Rd4 Bxd6 31. exd6 Bf5 32. Rb4+ Ka8 33. Bf3 Bd7
34. Rxa4 Re3 35. Bd1 g5 36. fxg5 fxg5 37. h4 Re5 38. Rc4 gxh4 39. b4 Rg5 40.
Rxh4 Rg7 41. Bc2 Kb8 42. Rxh7 Rxh7 43. Bxh7 Kc8 44. Be4 Be8 45. Kc2 Kd7 46. Kc3
Bh5 47. a4 Bd1 48. Bc2 Be2 49. Kd4 Bf1 50. Ke5 Bc4 51. Bf5+ Kd8 52. Bc2 Kd7 53.
Kd4 Be2 54. Kc3 Bf1 55. Bd3 Bh3 56. b5 Bg2 57. Kb4 Bh3 58. Ka5 Bg2 59. Ka6 cxb5
60. axb5  1-0

[Event "Asian Junior Chess Championship 2018"]
[Site "Central Palace of Culture of Mongolian Trade Union, Ulaanbaatar, Mongolia"]
[Date "2018.08.23"]
[Round "6"]
[Board "7"]
[White "Udval, Enkhsaikhan"]
[Black "Munkhzul, Davaakhuu"]
[Result "1/2-1/2"]
[WhiteElo "1599"]
[BlackElo "1823"]
[PlyCount "0"]
[EventDate "2018.08.19"]
[EventRounds "9"]
[EventCountry "MGL"]

1. d4 d5 2. Nf3 Nf6 3. Bg5 e6 4. e3 Be7 5. Bd3 Nbd7 6. Nbd2 O-O 7. O-O c6 8. Ne5
Nxe5 9. dxe5 Nd7 10. Bxe7 Qxe7 11. f4 c5 12. c3 b6 13. Rf3 f5 14. Rh3 g6 15. Nf3
Rf7 16. Ng5 Rg7 17. Nf3 Bb7 18. Qe1 Rd8 19. Rd1 a6 20. Qh4 Qxh4 21. Rxh4 b5 22.
Rh3 Nf8 23. Bc2 Rgd7 24. Bb3 Bc6 25. Rc1 a5 26. a3 a4 27. Ba2 Kg7 28. Rg3 Kf7
29. Rh3 Ke8 30. Ng5 Re7 31. Rd1 Rdd7 32. Rd2 Kd8 33. Kf2 Kc7 34. Ke1 Kb6 35. Kf2
Bb7 36. Nf3 Re8 37. Ng5 Red8 38. Ke2 h5 39. Rg3 Ba6 40. Ke1 Bb7 41. Ke2 Bc6 42.
Rd1 c4 43. Nf3 Re7 44. Nd4 Be8 45. h4 Nd7 46. Bb1 Nc5 47. Bc2 Nb3 48. Rf3 Nxd4+
49. exd4 Kc6 50. Ke3 Bf7 51. g3  1/2-1/2

[Event "Asian Junior Chess Championship 2018"]
[Site "Central Palace of Culture of Mongolian Trade Union, Ulaanbaatar, Mongolia"]
[Date "2018.08.23"]
[Round "6"]
[Board "8"]
[White "Lu, Miaoyi"]
[Black "Amartuvshin, Naransolongo"]
[Result "1-0"]
[WhiteElo "1691"]
[BlackElo "1262"]
[PlyCount "0"]
[EventDate "2018.08.19"]
[EventRounds "9"]
[EventCountry "MGL"]

1. d4 Nf6 2. c4 g6 3. g3 Bg7 4. Bg2 d6 5. Nc3 O-O 6. Nf3 Nbd7 7. O-O e5 8. e4 a6
9. h3 h6 10. Be3 Kh7 11. Qc2 Qe7 12. Rad1 Nh5 13. Nd5 Qd8 14. dxe5 dxe5 15. Rd2
Nhf6 16. Rfd1 Ng8 17. c5 Rb8 18. c6 bxc6 19. Qxc6 Bb7 20. Qxc7 Qxc7 21. Nxc7
Ndf6 22. Nxe5 Bxe4 23. Bxe4 Nxe4 24. Nd7 Nxd2 25. Nxf8+ Bxf8 26. Rxd2 Nf6 27.
Bd4 Ne4 28. Re2 Ng5 29. Kg2 Bg7 30. Bxg7 Kxg7 31. h4 Nh7 32. Nxa6 Ra8 33. Nb4
 1-0

[Event "Asian Junior Chess Championship 2018"]
[Site "Central Palace of Culture of Mongolian Trade Union, Ulaanbaatar, Mongolia"]
[Date "2018.08.23"]
[Round "6"]
[Board "9"]
[White "Enkhsaran, Batsaikhan"]
[Black "Bayasgalan, Khishigbaatar"]
[Result "1-0"]
[WhiteElo "1498"]
[BlackElo "1524"]
[PlyCount "0"]
[EventDate "2018.08.19"]
[EventRounds "9"]
[EventCountry "MGL"]

1. d4 Nf6 2. Nf3 d5 3. g3 e6 4. Bg2 Be7 5. c4 O-O 6. O-O dxc4 7. Ne5 Nc6 8. Nxc6
bxc6 9. Bxc6 Rb8 10. Nc3 Qd6 11. Bg2 Rd8 12. Bf4 Qd7 13. Qc2 Bb7 14. e4 Rbc8 15.
Rfd1 Bb4 16. Bg5 Be7 17. Qe2 Ba6 18. Bh3 Qc6 19. d5 Qc5 20. Be3 Qb4 21. dxe6 Rb8
22. e5 Ne8 23. exf7+ Kxf7 24. Qf3+ Bf6 25. exf6 Nxf6 26. Bg5 Qxb2 27. Bxf6 gxf6
28. Rab1 Qc2 29. Rxb8 Rxb8 30. Rd7+ Kg6 31. Qg4+  1-0

[Event "Asian Junior Chess Championship 2018"]
[Site "Central Palace of Culture of Mongolian Trade Union, Ulaanbaatar, Mongolia"]
[Date "2018.08.23"]
[Round "6"]
[Board "10"]
[White "Bidhar, Rutumbara"]
[Black "Chan, Lyanna"]
[Result "1-0"]
[WhiteElo "2036"]
[BlackElo "1324"]
[PlyCount "0"]
[EventDate "2018.08.19"]
[EventRounds "9"]
[EventCountry "MGL"]

1. d4 Nf6 2. c4 g6 3. Nc3 Bg7 4. g3 O-O 5. Bg2 d6 6. e4 Na6 7. Nge2 c5 8. O-O
cxd4 9. Nxd4 Nc5 10. b3 a5 11. Rb1 Bg4 12. f3 Bd7 13. Be3 Qc8 14. Re1 Bh3 15.
Bh1 h5 16. Qd2 Re8 17. Rec1 Nh7 18. Nd5 Ra6 19. Nb5 Ne6 20. a3 g5 21. Bf2 Nf6
22. Re1 g4 23. f4 Nxd5 24. cxd5 Nc5 25. b4 axb4 26. axb4 Na4 27. Rbc1 Qd7 28.
Nc7 Rc8 29. Nxa6 Bc3 30. Rxc3 Rxc3 31. Ra1 bxa6 32. Rxa4 Rxg3+ 33. hxg3 Qxa4 34.
Kh2 Bf1 35. Bg2 Bb5 36. e5 Qb3 37. exd6 exd6 38. f5 Kg7 39. Qg5+ Kf8 40. Qd8+
Kg7 41. Bd4+ Kh6 42. Qh8+ Kg5 43. Qf6#  1-0

[Event "Asian Junior Chess Championship 2018"]
[Site "Central Palace of Culture of Mongolian Trade Union, Ulaanbaatar, Mongolia"]
[Date "2018.08.23"]
[Round "6"]
[Board "12"]
[White "Margadgua, Erdenebayar"]
[Black "Oyudari, Batkhuu"]
[Result "1-0"]
[WhiteElo "1619"]
[BlackElo "1010"]
[PlyCount "0"]
[EventDate "2018.08.19"]
[EventRounds "9"]
[EventCountry "MGL"]

1. e4 c5 2. Nf3 d6 3. d4 cxd4 4. Nxd4 Nf6 5. Nc3 a6 6. Be3 e5 7. Nb3 Be6 8. Qd2
Be7 9. O-O-O O-O 10. f4 Ng4 11. Kb1 Nxe3 12. Qxe3 exf4 13. Qxf4 Nd7 14. Nd5 Bxd5
15. Rxd5 Nf6 16. Rd1 Qc7 17. Nd4 Rac8 18. Bd3 d5 19. Qxc7 Rxc7 20. exd5 Nxd5 21.
Nf5 Nf4 22. Be4 g6 23. Ne3 Bg5 24. Nd5 Nxd5 25. Rxd5 Bf6 26. Rhd1 Re8 27. Bf3
Rec8 28. c3 Bg7 29. Rd8+ Rxd8 30. Rxd8+ Bf8 31. Rb8 b5 32. Ra8 Kg7 33. Rxa6 b4
34. cxb4 Bxb4 35. a3 Bd2 36. b4 Rc1+ 37. Kb2 Rc7 38. b5 Bc3+ 39. Kb3 Be5 40. h3
Rc3+ 41. Kb4 Rd3 42. a4 Rd4+ 43. Kc5 Rd8 44. b6 Bd4+ 45. Kb5 Rc8 46. Bc6 Be5 47.
b7 Rb8 48. Ra8 f5 49. a5 Rf8 50. a6 Bc7 51. Rxf8 Kxf8 52. a7  1-0

[Event "Asian Junior Chess Championship 2018"]
[Site "Central Palace of Culture of Mongolian Trade Union, Ulaanbaatar, Mongolia"]
[Date "2018.08.23"]
[Round "6"]
[Board "13"]
[White "Enkhbolor, Nyamdavaa"]
[Black "Khaliunaa, Gankhulug"]
[Result "1-0"]
[WhiteElo "1563"]
[BlackElo "1587"]
[PlyCount "0"]
[EventDate "2018.08.19"]
[EventRounds "9"]
[EventCountry "MGL"]

1. e4 c6 2. d4 d5 3. exd5 cxd5 4. c4 Nf6 5. Nc3 Nc6 6. Bg5 e6 7. cxd5 exd5 8.
Bb5 Be7 9. Nge2 a6 10. Ba4 O-O 11. O-O h6 12. Bh4 Be6 13. Re1 g5 14. Bg3 Nh5 15.
h3 Nxg3 16. Nxg3 Bf6 17. Nh5 Nxd4 18. Qd3 b5 19. Bb3 Nxb3 20. axb3 Bg7 21. Rad1
d4 22. Ne2 Bh8 23. Neg3 Qd7 24. Ne4 Qe7 25. Nc5 Qe8 26. f4 Rc8 27. b4 Rxc5 28.
bxc5 Qc6 29. b4 Bc4 30. Qf5 Be6 31. Nf6+ Kg7 32. Qe5 Kg6 33. fxg5 hxg5 34. Rf1
Bd7 35. Qxd4 Bxf6 36. Qxd7 Qxd7 37. Rxd7 Bc3 38. Rb1 f6 39. g4 Rc8 40. Ra7 a5
41. Rxa5 Rb8 42. Ra7 Kh6 43. Kg2 Rd8 44. Ra2 Be5 45. c6 Rd3 46. Rc2 Rg3+ 47. Kf2
Rxh3 48. Rcc1 Rh2+ 49. Kf3 Rh3+ 50. Ke4 Rg3 51. c7 Rxg4+ 52. Kf5 Rf4+ 53. Ke6
Bxc7 54. Rxc7 Kg6 55. Rc5 Re4+ 56. Kd6 g4 57. Rd5 f5 58. Rf1 f4 59. Kc5 g3 60.
Rd4 Re5+ 61. Kd6 g2 62. Rg1 Re2 63. Rxf4 Kg5 64. Rd4 Rc2 65. Kd5 Kh5 66. Ke5 Kg5
67. Ke4 Rb2 68. Kd3 Kf5 69. Kc3 Re2 70. Rd2  1-0